Na cestě k jednotnému trhu s elektřinou

Myšlienka jednotného európskeho trhu s elektrinou. Aktuálny stav prepojenia trhu v západnej a severnej Európe. Cieľový model alokácie prenosových kapacít v Európe. Finančné kapacitné práva. Flow-based metóda.

Uložené v:
Podrobná bibliografia
Hlavný autor: Mojžiš, Miloš
Médium: Kapitola
Jazyk:Czech
Predmet:
Tagy: Pridať tag
Žiadne tagy, Buďte prvý, kto otaguje tento záznam!

MARC

LEADER 00000naa a2200000 4500
001 0141451
005 20230113084442.4
041 0 |a cze 
044 |a CZ 
245 1 0 |a Na cestě k jednotnému trhu s elektřinou  |c Miloš Mojžiš 
520 |a Myšlienka jednotného európskeho trhu s elektrinou. Aktuálny stav prepojenia trhu v západnej a severnej Európe. Cieľový model alokácie prenosových kapacít v Európe. Finančné kapacitné práva. Flow-based metóda. 
610 2 0 |a elektrina 
610 2 0 |a energia 
610 2 0 |a Európa 
610 2 0 |a trh spoločný 
610 2 0 |a elektroenergetika 
100 1 |a Mojžiš, Miloš